000 00641nam a2200181Ia 4500
003 IN-BaIIA
008 211028s9999 xx 000 0 eng d
020 _a90-74920-14-4
040 _cIIA Library
080 _a069.4:550.581(213)
_bTEY
100 _aTeygeler, Rene
_933415
245 0 _aPreservations of archives in tropical climates, an annotated bibliography
_cRene Teygeler
260 _aParis
_bInternatonial Council on Archives
_c2001
300 _a249p.
650 _aArchives-Preservation-Tropical climtes
_933416
650 _aTropical climates-Preservation-Arch
_933417
942 _cBK
999 _c17650
_d17650